Responses for show #4342 - Tuesday, June 17, 2003

John Beck game 3.

Contestants

Jay Porter, a brand strategist from Seattle, Washington

Leigh Barrett, a freelance writer from East Point, Georgia

John Beck, a copywriter from Torrance, California (whose 2-day cash winnings total $48,600)

Jeopardy! Round responses

MONK
SATURDAY NIGHT LIVE
THE SHIELD
TAKEN
24
"ER"
(Alex: Each correct response will begin with the letters "E-R".)
    $200 26
Ivan the Terrible

John
    $200 11
Gilda Radner

John
    $200 21
(Leigh: What is Blue Cross Blue Shield?)
(Jay: What is Medicaid?)
(John: What is Blue Cross?)

Blue Shield

JohnLeighJay
Triple Stumper
    $200 16
Guam or Puerto Rico

John
    $200 6
gold

John
    $200 1
errand

Jay
    $400 27
Buddhism

Jay
    $400 12
Eddie Murphy

John
    $400 22
red

John
    $400 17
Austro-Hungarian Empire

John
    $400 7
basketball

John
    $400 2
ermine

Leigh
    $600 28
Canterbury

John
    $600 13
(Leigh: Who is Ed Grimley?)

Mr. Bill

JohnLeigh
    $600 23
chevron

Leigh
    $600 18
Mexican War

Triple Stumper
    $600 8
blackbirds

John
    $600 3
eradicate

Jay
    $800 29
Gregor Mendel

John
    $3,000 14
The Church Lady

John
    $800 24
Maine

John
    $800 19
Ottoman Empire

Jay
    $800 9
Democrats

Jay
    $800 4
"Erin Go Bragh!"

John
    $1000 30
Dom Perignon

Leigh
    $1000 15
Tina Fey

Jay
    $1000 25
Knights of Columbus

Jay
    $1000 20
Hundred Years' War

John
    $1000 10
Arctic Circle

John
    $1000 5
Eritrea

John

Scores at the first commercial break (after clue 15):

John Leigh Jay
$8,200 -$200 $2,600

Scores at the end of the Jeopardy! Round:

John Leigh Jay
$12,400 $1,200 $4,600

Double Jeopardy! Round responses

ARTISTS & THEIR WORKS
LET'S GET SMALL
UNUSUAL TREES
INTERNATIONAL LAW
THE AUSSIE POSSE
NOT YOUR EVERYDAY WORDS
    $400 1
(John: Who is Degas?)

Pablo Picasso

JohnLeigh
    $400 12
Steve Martin

John
    $400 17
beard

John
    $400 22
genocide

Jay
    $400 7
(Jay: [No response])

Cate Blanchett

LeighJay
    $400 6
catechism

Leigh
    $800 2
Vincent Van Gogh

Jay
    $800 18
vacuum cleaners

John
    $800 30
(Jay: What are the seeds?)

fruit

Jay
Triple Stumper
    $800 23
(Jay: What is extraterritorial immunity?)

diplomatic immunity

Jay
Triple Stumper
    $800 8
Kylie Minogue

John
    $800 13
hasp

John
    $1200 3
Rembrandt

Jay
    $1200 19
chapel

Jay
    $1200 29
bark

Jay
    $1200 24
(Jay: What are profits?)

loans

Jay
Triple Stumper
    $1200 9
Rachel Griffiths

Jay
    $1200 14
curry comb

Jay
    $1600 4
Thomas Gainsborough

John
    $1600 20
mouth

Leigh
    $5,000 27
(Jay: What is a dowsing tree?)

Witch-hazel

Jay
    $1600 25
neutral

John
    $1600 10
Nicole Kidman

Leigh
    $1600 15
theist

Leigh
    $2,000 5
Jacques-Louis David

John
    $2000 21
lake

John
    $2000 28
boojum tree

Triple Stumper
    $2000 26
multilateral

Jay
    $2000 11
Baz Luhrmann

Leigh
    $2000 16
polymath

Jay

Scores at the end of the Double Jeopardy! Round:

John Leigh Jay
$22,400 $9,200 $7,600
(lock game)

[wagering suggestions for these scores]

Final Jeopardy! Round responses

DISNEY FILMS
(Alex: John, you could have bet that extra dollar to make it an even $75,000!)
JayWhat is Climb the Matterhorn?
$7,600
LeighWhat is Swiss Family Robinson?
$6,001
JohnWhat is Swiss Family Robinson?
$3,999
Swiss Family Robinson

Final scores:

John Leigh Jay
$26,399 $15,201 $0
3-day champion: $74,999 2nd place: $2,000 3rd place: $1,000

Game dynamics:

Coryat scores:

John Leigh Jay
$20,200 $9,200 $12,600
27 R
(including 2 DDs),
2 W
10 R,
2 W
16 R,
6 W
(including 1 DD)

Combined Coryat: $42,000

The J! Archive is created by fans, for fans. The Jeopardy! game show and all elements thereof, including but not limited to copyright and trademark thereto, are the property of Jeopardy Productions, Inc. and are protected under law. This website is not affiliated with, sponsored by, or operated by Jeopardy Productions, Inc. Join the discussion at JBoard.tv.